| 000 -LEADER |
| fixed length control field |
01029nam a2200277Ia 4500 |
| 001 - CONTROL NUMBER |
| control field |
10552 |
| 003 - CONTROL NUMBER IDENTIFIER |
| control field |
GE_BSU |
| 008 - FIXED-LENGTH DATA ELEMENTS--GENERAL INFORMATION |
| fixed length control field |
181216s||||||||xx |||||||||||||| ||und|| |
| 020 ## - INTERNATIONAL STANDARD BOOK NUMBER |
| International Standard Book Number |
9789941423369 |
| 040 ## - CATALOGING SOURCE |
| Transcribing agency |
GE_BSU |
| 080 ## - UNIVERSAL DECIMAL CLASSIFICATION NUMBER |
| Universal Decimal Classification number |
616-053.2(075.8) |
| 100 ## - MAIN ENTRY--PERSONAL NAME |
| Personal name |
მანჯავიძე,ნინო;მეგრელიშვილი,გიული |
| 245 ## - TITLE STATEMENT |
| Title |
პედიატრია.ტ.2 |
| 245 ## - TITLE STATEMENT |
| Remainder of title |
სახ–ლო უმაღლ.სამედიც.სასწ.სტუდენტებისათვის |
| 245 ## - TITLE STATEMENT |
| Statement of responsibility, etc. |
შემდგ.ქეთევან გოგბერაშვილი |
| 260 ## - PUBLICATION, DISTRIBUTION, ETC. |
| Place of publication, distribution, etc. |
თბილისი |
| 260 ## - PUBLICATION, DISTRIBUTION, ETC. |
| Name of publisher, distributor, etc. |
[შპს თობასი] |
| 260 ## - PUBLICATION, DISTRIBUTION, ETC. |
| Date of publication, distribution, etc. |
2010 |
| 300 ## - PHYSICAL DESCRIPTION |
| Extent |
868გვ.სურ.ცხრ.23სმ. |
| 300 ## - PHYSICAL DESCRIPTION |
| Other physical details |
დანართი:გვ.856-857 |
| 300 ## - PHYSICAL DESCRIPTION |
| Accompanying material |
ბიბლიოგრ. გვ.854-855 |
| 520 ## - SUMMARY, ETC. |
| Summary, etc. |
საგნ.საძ.გვ.858-866 |
| 653 ## - INDEX TERM--UNCONTROLLED |
| Uncontrolled term |
პედიატრია |
| 942 ## - ADDED ENTRY ELEMENTS (KOHA) |
| Koha item type |
წიგნი |